| 000 | 00485nam a2200181 a 4500 | ||
|---|---|---|---|
| 005 | 20140310183207.0 | ||
| 008 | 030203s19uu xx 00 eng d | ||
| 050 |
_aQP 34.5 _b.M27 2001 |
||
| 100 | _aMartini, Frederic | ||
| 245 |
_aFundamentals of anatomy and physiology / _cFrederic Martini. |
||
| 300 |
_a298 p. : _b ill. (some col.) ; _c28 cm. |
||
| 500 | _aW/ CD-ROM | ||
| 521 | _aNUR | ||
| 650 | _aAnatomy | ||
| 650 | _aPhysiology | ||
| 942 |
_cBK _2lcc _kFOR |
||
| 999 |
_c20033 _d20033 |
||